000 01490cam a22001934a 4500
005 20250605164337.0
008 250528s ||||||||||||||||||||||||d
035 _a23480
040 _aGR-AtMCL
_bgre
_dGR-AtMCL
_eAACR2
245 1 _aTrainee Therapists Experiences in Disengagement in Therapy/An Interpretative Phenomenological Analysis
260 _c2017
300 _a15
520 _aIntroduction, Conceptualisation of Disengagement in Psychotherapy, Experiencing Disengagement in the Therapeutic Relationship, a Critical Literature Review on Disengagement from the Perspective of Psychodynamic Therapy (PT), Person - Centred (PCT) and Cognitive Behavioural Therapy (CBT), the Transtheoretical Model (TTM), Empirical Research on Disengagement in Therapy, Rationale of the Current Study, Methodology, Design, Addressing the Philosophical Stance of Qualitative Research, Interpretative Phenomenological Analysis (IPA), Personal and Epistemological Reflexivity, Trustworthiness and Validity, Participants and Sample, Interview Procedure, Data Collection, Ethical Considerations, Analytic Strategy, Analysis, Findings, First Super - Ordinate Theme: a Disengeged Self, Second Super - Ordinate Theme: Disengagement as an Interpersonal Phenomenon, Third Super - Ordinate Theme: Focus on the Impact of Disengagement in Therapy, Discussion, References Appendix.
700 1 _aLoupou Eleni
_99045
700 1 _aSvana Stavroula
_99041
942 _cDS
999 _c8490
_d8490